| 000 | 00746nam a2200241 4500 | ||
|---|---|---|---|
| 001 | 143766 | ||
| 003 | ES-MaACL | ||
| 005 | 20250728103615.0 | ||
| 007 | t| | ||
| 008 | 070214s1956 sp r ||||1| spa d | ||
| 100 |
_aSheen, Fulton J. _d1895-1979 _9227301 |
||
| 245 | 1 | 0 |
_aReligión sin dios / _cFulton J. Sheen ; traducción de Rafael Caldentey Prohens. |
| 250 | _a1ª. ed. | ||
| 260 |
_aBarcelona : _bPlaneta, _c1956. |
||
| 300 |
_a363 p. ; _c20 cm. |
||
| 490 | 1 | _aCo. razón y fé | |
| 650 | 4 |
_aReligión- _xFilosofía _916799 |
|
| 700 | 1 |
_aCaldentey Prohens, Rafael. _933579 |
|
| 830 | 0 |
_aRazón y fe _9187282 |
|
| 852 |
_aES-MaACL _b R.39005 _cSPAL _jC-11002 _9148958 |
||
| 942 |
_2udc _cMONOGRAFIA |
||
| 999 |
_c143766 _d143766 |
||